| 000 | 00565nam a2200181 a 4500 | ||
|---|---|---|---|
| 001 | 000021533 | ||
| 003 | OSt | ||
| 005 | 20200930011346.0 | ||
| 008 | 100908s1971 r 000 0 spa d | ||
| 040 |
_aDO-SdBNP _bspa _cBNPHU |
||
| 100 | 1 |
_aWells, George S. _944894 |
|
| 245 | 1 | 0 |
_aLa agricultura cientifíca : _bcreacion del eden californiano / _cGeorge S. Wells ; prólogo Maurice L. Peterson |
| 260 |
_aMéxico : _bLimusa-Wiley, _c1971. |
||
| 300 |
_a300 p. ; _c22 cm. |
||
| 700 | 1 |
_aPeterson, Maurice L. _eprólogo _976707 |
|
| 942 |
_2ddc _cLF1 |
||
| 956 | _aLOPEREZ | ||
| 999 |
_c21033 _d21033 |
||